Democracy consolidation strategy paper : addressing Ghana's democracy gaps. (Record no. 368)

MARC details
000 -LEADER
fixed length control field 00535nam a2200169Ia 4500
008 - FIXED-LENGTH DATA ELEMENTS--GENERAL INFORMATION
fixed length control field 240428s9999||||xx |||||||||||||| ||und||
020 ## - INTERNATIONAL STANDARD BOOK NUMBER
International Standard Book Number 9789988844028
041 ## - LANGUAGE CODE
Language code of text/sound track or separate title eng
082 ## - DEWEY DECIMAL CLASSIFICATION NUMBER
Classification number 321.8 D
100 ## - MAIN ENTRY--PERSONAL NAME
Personal name - Institute of Economic Affairs (Ghana)
245 #0 - TITLE STATEMENT
Title Democracy consolidation strategy paper : addressing Ghana's democracy gaps.
260 ## - PUBLICATION, DISTRIBUTION, ETC.
Name of publisher, distributor, etc. Institute of Economic Affairs ,
Place of publication, distribution, etc. Accra
Date of publication, distribution, etc. 2008
300 ## - PHYSICAL DESCRIPTION
Extent 146 p.
650 ## - SUBJECT ADDED ENTRY--TOPICAL TERM
Topical term or geographic name entry element Democratization -- Ghana. - Ghana -- Politics and government -- 2001
942 ## - ADDED ENTRY ELEMENTS (KOHA)
Koha item type Occasional Papers
Holdings
Withdrawn status Lost status Damaged status Not for loan Home library Current library Shelving location Date acquired Total checkouts Full call number Date last seen Copy number Price effective from Koha item type
        Main Library Main Library Open Shelves 05/10/2021   321.8 D 688 Ci 29/04/2024 1 29/04/2024 Occasional Papers
©2026  Parliament of Ghana Library - All rights reserved